000 01008nam a2200265 a 4500
001 000041341
003 DO-SdBNP
005 20250916105224.0
008 131001s2002 dr 000 0 spa d
040 _aDO-SdBNP
_bspa
_cBNPHU
082 _axxx
_bxxx
110 2 _aRepública Dominicana.
_bConsejo Nacional de Seguridad Social
_963839
245 1 0 _aReglamento de pensiones de la seguridad social :
_baprobado por el Consejo Nacional de Seguridad Social mediante resolución no. 37-04 del 1o. de agosto del 2002.
264 _aSanto Domingo :
_bConsejo Nacional de Seguridad Social,
_c2002.
300 _a74 páginas ;
_c21 cm.
336 _ardacontent
_btexto
_2txt
337 _ardamedia
_bsin mediación
_2n
338 _ardacarrier
_bvolumen
_2nc
490 1 _aReglamentos y normas
_v1
500 _aPromulgado mediante el decreto no. 969-02 de fecha 19 de diciembre del 2002.
590 _aInventariado, 2025/DG
830 0 _aReglamentos y normas
_n1
_967983
910 _aDG
942 _2ddc
_cLBS1
999 _c40831
_d40831